Our iceberg is melting.
| Main Author: | |
|---|---|
| Other Authors: | |
| Format: | Book |
| Published: |
New York:
St. Martin`s Press,
2006.
|
| Subjects: |
| LEADER | 00511cam a2200181 7i4500 | ||
|---|---|---|---|
| 001 | 0000025963 | ||
| 005 | 20110224090000.0 | ||
| 020 | 0 | 0 | |a 9780230014206 |
| 090 | 0 | 0 | |a B 650.1 |b KOT |
| 100 | 1 | 0 | |a Kotter |
| 245 | 1 | 0 | |a Our iceberg is melting. |
| 260 | 0 | 0 | |a New York: |b St. Martin`s Press, |c 2006. |
| 300 | # | # | |a 300p. |
| 650 | 0 | 0 | |a Organizational change |
| 650 | 0 | 0 | |a Organizationall effectiveness |
| 650 | 0 | 0 | |a Penguins -- |x Fiction |
| 700 | 0 | 0 | |a Rathgeber, |h Holger |
| 999 | |a B000027765 |b Book |c Book |e Business Information Centre | ||


